| 000 | 01146nam a2200289Ia 4500 | ||
|---|---|---|---|
| 001 | F6087 | ||
| 003 | IT-RoPAU | ||
| 008 | 130308s9999 xx 000 0 und d | ||
| 040 | _aIT-RoPAU | ||
| 040 | _cIT-RoPAU | ||
| 041 | _aITALIANO | ||
| 100 | _aUkadike N. Frank | ||
| 100 | _gCodice Aut. SPICS: 45045 | ||
| 245 | _aOrigini francofone: primi passi tra i film dell'Africa | ||
| 245 | _bNascita del Cinema in Africa (La). Il Cinema dell'Africa Sub-Sahariana Dalle Origini al 1975 | ||
| 250 | _a1a ed. | ||
| 260 | _aTORINO | ||
| 260 | _bLindau | ||
| 260 | _c1998 [1° Ed.:1998 - Ed.Ling.Originale:1994] | ||
| 300 | _a"17 p. (prefazione: no ; testo: 17 [pagine: 85-101])" | ||
| 500 | _aRiflessioni Sul Cinema Africano. Note Critiche su Alcuni Film Come: Borom Sarret di Sembene Ousmane (1962), Soleil o di Med Hondo (1971), la Noire De... Di Sembene Ousmane (1966). Avventure in terra Straniera. Alla Ricerca di un Linguaggio Africano Autentico. Cultura Tradizionale Versus L'Influenzaoccidentale. | ||
| 650 | _aSTORIA NAZIONALE DEL CINEMA | ||
| 650 | _eCodice materia Spics: 6809 | ||
| 942 | _cBK | ||
| 957 | _71 | ||
| 999 |
_c83513 _d83513 |
||
| 999 | _g1 | ||